Central Library OPAC University of Rajshahi

Ultra high frequency propagation / (Record no. 73117)

MARC details
000 -LEADER
fixed length control field 00829cam a22002531 4500
001 - CONTROL NUMBER
control field 73117
003 - CONTROL NUMBER IDENTIFIER
rucl marc code BD-RjUL
005 - DATE AND TIME OF LATEST TRANSACTION
control field 20211209082342.0
008 - FIXED-LENGTH DATA ELEMENTS--GENERAL INFORMATION
fixed length control field 760827s1953 nyua 001 0 eng
035 ## - SYSTEM CONTROL NUMBER
System control number (BD-RjUL)73335
040 ## - CATALOGING SOURCE
Original cataloging agency DLC
Transcribing agency TxEU
Modifying agency DLC
Language of cataloging eng
041 ## - LANGUAGE CODE
Language code of text/sound track or separate title eng
082 ## - DEWEY DECIMAL CLASSIFICATION NUMBER
Classification number 62l.38411
Edition number 23
Author mark and year REU 1953
100 1# - MAIN ENTRY--PERSONAL NAME
Personal name Reed, Henry R.
Fuller form of name (Henry Rouse),
Dates associated with a name 1904-1975.
9 (RLIN) 216133
245 10 - TITLE STATEMENT
Title Ultra high frequency propagation /
Statement of responsibility, etc. by Henry R. Reed and Carl M. Russell, assisted by W. M. Browne and W. Plummer.
260 ## - PUBLICATION, DISTRIBUTION, ETC. (IMPRINT)
Place of publication, distribution, etc. New York :
Name of publisher, distributor, etc. Wiley,
Date of publication, distribution, etc. 1953
300 ## - PHYSICAL DESCRIPTION
Pagination 562 p. :
Illustrations ill. ;
Size 24 cm.
650 #0 - SUBJECT ADDED ENTRY--TOPICAL TERM
Topical term or geographic name as entry element Shortwave radio.
9 (RLIN) 216287
Topical term or geographic name as entry element Wave propagation and transmission
9 (RLIN) 216288
Topical term or geographic name as entry element Radio waves.
9 (RLIN) 202399
700 1# - ADDED ENTRY--PERSONAL NAME
Personal name Russell, Carl M.,
Relator term joint author.
942 ## - ADDED ENTRY ELEMENTS (KOHA)
Source of classification or shelving scheme Dewey Decimal Classification
Koha item type Books
Holdings
Lost status Source of classification or shelving scheme Damaged status Not for loan Collection code Permanent Location Current Location Shelving location Date acquired Source of acquisition Cost, normal purchase price Total Checkouts Full call number Date last seen Copy number Koha item type
  Dewey Decimal Classification   Not For Loan Non-fiction Central Library, University of Rajshahi Central Library, University of Rajshahi Reading Room 20/09/1958 John wily 9.45   62l.38411 REU 1953 28/05/2017 C-1 Books
  Dewey Decimal Classification     Non-fiction Central Library, University of Rajshahi Central Library, University of Rajshahi   20/09/1958 Sweets & Zeitlingers 30.00   62l.38411 REU 1965 30/05/2017 C-2 Books
  Dewey Decimal Classification     Non-fiction Central Library, University of Rajshahi Central Library, University of Rajshahi   20/09/1958 Sweets & Zeitlingers 30.00   62l.38411 REU 1965 30/05/2017 C-3 Books